Village , town, and jungle life in India (Record no. 10613)

MARC details
000 -LEADER
fixed length control field 00477cam a2200181ua 4500
001 - CONTROL NUMBER
control field 11831
005 - DATE AND TIME OF LATEST TRANSACTION
control field 20260515114814.0
008 - FIXED-LENGTH DATA ELEMENTS--GENERAL INFORMATION
fixed length control field 191111n ii |||gr||||Z||||||eng
020 ## - INTERNATIONAL STANDARD BOOK NUMBER
International Standard Book Number 9788172682132
040 ## - CATALOGING SOURCE
Transcribing agency MAIN
082 ## - DEWEY DECIMAL CLASSIFICATION NUMBER
Classification number 915.3
100 ## - MAIN ENTRY--PERSONAL NAME
Personal name A.C. Newcombe,
Relator term Author.
245 ## - TITLE STATEMENT
Title Village , town, and jungle life in India
Statement of responsibility, etc. By A.C. Newcombe
260 ## - PUBLICATION, DISTRIBUTION, ETC.
Place of publication, distribution, etc. New Delhi:
Name of publisher, distributor, etc. Logos Press ,
Date of publication, distribution, etc. 2011.
300 ## - PHYSICAL DESCRIPTION
Extent 417p.
653 ## - INDEX TERM--UNCONTROLLED
Uncontrolled term Geography of & travel in Asia
942 ## - ADDED ENTRY ELEMENTS (KOHA)
Koha item type Books
Holdings
Withdrawn status Lost status Damaged status Not for loan Home library Current library Shelving location Date acquired Total checkouts Full call number Barcode Date last seen Copy number Price effective from Koha item type
        Naharkatiya College Library Naharkatiya College Library General stacks 09/19/2020   915.3Stack | NEW 24814 09/19/2020 1 09/19/2020 Books